000 01142nam a2200361 a 4500
001 25417
003 CO-ViMGA
005 20230915223754.0
006 a5024252
008 141112s2004 ck r 000 u spa d
015 _aMON1103
017 _aGI 1240 - 2010 Oficina Depósito Legal Girona
020 _a9788498855630
035 _a(OCoLC)776540162
040 _aCO-ViMGA
_bspa
_cCO-ViMGA
041 _aspa
_beng
080 _a821.111(73) - 91"19"
082 0 4 _a741.5 S87s
100 1 _aStraczynski, J. Michael 1954 -
_94529
245 1 0 _aSpiderman /
_cStraczynski ; ilustraciones : Garney ; traducción : Santiago García
260 _aTorroella de Montgri,
_cGirona Panini España ; Barcelona distribución,
_cSD Distribuciones D.L. 2010
300 _a[176] p. principalmente il. col. 27 cm
490 0 _aMarvel deluxe
490 0 _aMarvel Deluxe; Civil War
594 _aTítulo tomado de la cubierta
650 1 4 _aComics
_93629
650 1 4 _aHistorietas
650 1 4 _aSuperheroes
700 1 _aGarney, Ron
_94532
926 _aBNALCALA SG_PETANTI 12/757096 FONDO_MODE 1
942 _2ddc
_cBK
956 _a2
999 _c10326
_d10326